000 00623nam a2200229Ia 4500
003 OSt
005 20220928101926.0
006 a|||||r|||| 00| 0
007 ta
008 220927b |||||||| |||| 00| 0 eng d
024 _a41817
037 _cTextual
040 _aSDCL
_cSDCL
_beng
041 _2eng
_aeng
082 _aO152,1I30,1, K3
100 _aSharma Nalinavilochan Ed.
_9395769
245 0 _aHaricharit.
260 _aPatna
_bBihar-rashtrbhasha-parishad
_c1963
300 _a132p.
_ccm.
942 _hO152,1I30,1, K3
_cTEXL
_2CC
999 _c711448
_d711448